| 000 | 01135nkm a2200253 i 4500 | ||
|---|---|---|---|
| 001 | 180702 | ||
| 003 | ES-MaACL | ||
| 005 | 20250822062536.0 | ||
| 007 | kioco | ||
| 008 | 120627q1850 sp --- |00 #@0 | ||
| 080 | _a76 Goya y Lucientes, Francisco de. Caprichos | ||
| 100 | 1 |
_aGoya, Francisco de, _d1746-1828 _eaut _9240353 |
|
| 245 | 1 | 5 |
_a[Los Caprichos] [ _hMaterial gráfico] / _c[Francisco Goya y Lucientes]. |
| 260 |
_a[Madrid : _bReal Academia de Bellas Artes de San Fernando, _cca. 1850] ( _fCalcografía Nacional) |
||
| 300 |
_a1 álbum (80 estampas sobre papel avitelado grueso de color crema) : _baguafuerte, aguatinta, punta seca y buril ; _chuella de la plancha 215 x 150 mm o menos. |
||
| 500 | _aDatos deducidos del ejemplar. | ||
| 594 | _aMención de responsabilidad tomada del primer grabado. | ||
| 600 | 1 | 7 |
_aGoya, Francisco de, _d1746-1828. _tLos caprichos _9150780 |
| 650 | 4 |
_aAguafuerte- _zEspaña- _yS.XIX. _9160388 |
|
| 710 | 2 |
_aCalcografía Nacional (España) _92350 |
|
| 852 |
_aES-MaACL _jR-1730 _z- Enc. pasta española _x Olim: G-5781 |
||
| 942 |
_2udc _cDIBGRB |
||
| 999 |
_c180702 _d180702 |
||